000 00437nam a22001337a 4500
008 140206b xxu||||| |||| 00| 0 eng d
050 _aQA9.H46
100 _aHeyting, Arend
_98168
245 _aIntuitionism
_bintroduction
_cArend Heyting
260 _aAmsterdam
_bNorth-Holland Publishing Company
_c1956
300 _a131p. ;
_c21cm.
650 _aLogic, symbolic and mathematical methodology
_xMethematics
_98169
942 _2lcc
_cMONOGRAPH
999 _c119983
_d119983